00221nam a2200085Ia 4500008004100000041000800041100001300049245005300062260002000115230822s9999 xx 000 0 und d aeng aBAHARI R aSOME RULES IN AIRCONDITIONING INTERIOR DESIGNERS bLLOYD- LUKE LTD